[Event "Titled Tuesday intern op 23rd Apr Late"]
[Site "Chess.com INT"]
[Date "2024.04.23"]
[Round "3"]
[White "Ambartsumova, Karina"]
[Black "Grahn, Vidar"]
[Result "0-1"]
[WhiteElo "2406"]
[BlackElo "2247"]
[PlyCount "96"]
[EventDate "2024.04.23"]
[EventType "swiss (blitz)"]
[EventRounds "11"]
[EventCountry "USA"]
[SourceTitle "CB18_2024"]
[SourceDate "2024.05.01"]
[SourceVersion "1"]
[SourceVersionDate "2024.05.01"]
[SourceQuality "2"]

1. d4 d5 2. c4 e6 3. Nc3 Nf6 4. cxd5 exd5 5. Bg5 Bb4 6. a3 Bxc3+ 7. bxc3 h6 8. Bf4 0-0 9. e3 c6 10. Bd3 Nbd7 11. Nf3 Re8 12. 0-0 Ne4 13. c4 Ndf6 14. cxd5 Nxd5 15. Be5 Ng5 16. h3 Nc3 17. Qc2 Nxf3+ 18. gxf3 Nd5 19. Kh2 Qh4 20. Bf5 Qh5 21. Bg4 Bxg4 22. fxg4 Qg5 23. Rab1 Qe7 24. Qb3 b5 25. Rbc1 Rac8 26. Rc2 a5 27. Rfc1 a4 28. Qd3 f6 29. Bg3 Qe6 30. Rc5 Nb6 31. Qg6 Nc4 32. Ra1 Qe4 33. Qxe4 Rxe4 34. d5 Na5 35. dxc6 Nb3 36. Rac1 Nxc1 37. Rxc1 Rc4 38. Rb1 b4 39. axb4 R8xc6 40. b5 Rb6 41. Kg2 Rc5 42. Ra1 Rc4 43. Rb1 a3 44. Ra1 Ra4 45. Kf3 Rxb5 46. Bd6 a2 47. Bf4 Rb1 48. Rxa2 Rxa2 0-1

[Event "Titled Tuesday intern op 12th Mar Late"]
[Site "Chess.com INT"]
[Date "2024.03.12"]
[Round "9"]
[White "Lehtosaari, Mauri"]
[Black "Grahn, Vidar"]
[Result "1-0"]
[WhiteElo "2141"]
[BlackElo "2226"]
[PlyCount "111"]
[EventDate "2024.03.12"]
[EventType "swiss (blitz)"]
[EventRounds "11"]
[EventCountry "USA"]
[SourceTitle "CB12_2024"]
[SourceDate "2023.10.01"]
[SourceVersion "1"]
[SourceVersionDate "2023.10.01"]
[SourceQuality "1"]

1. d4 d5 2. Nf3 Nf6 3. Bg5 Ne4 4. Bf4 c5 5. e3 Nc6 6. c3 g6 7. Nbd2 Nxd2 8. Qxd2 Bg7 9. dxc5 e5 10. Bg5 f6 11. Bh4 a5 12. Bb5 0-0 13. Bxc6 bxc6 14. Nxe5 g5 15. Nxc6 Qd7 16. Qxd5+ Qxd5 17. Ne7+ Kh8 18. Nxd5 gxh4 19. 0-0 Rb8 20. b4 Be6 21. Nb6 f5 22. Rfc1 axb4 23. cxb4 Bxa1 24. Rxa1 Rfd8 25. a4 Rd2 26. h3 Rb2 27. a5 Rb7 28. c6 Ra7 29. Rc1 Rc7 30. Na8 Rc8 31. Nb6 Re8 32. c7 Bc8 33. Nxc8 Rxc8 34. Rc4 Kg7 35. a6 Kf6 36. a7 Ra2 37. Rc6+ Ke7 38. b5 Rxa7 39. b6 Rb7 40. Rh6 Kd7 41. g3 hxg3 42. fxg3 Re8 43. Kf2 Re7 44. Kf3 Re8 45. Rxh7+ Kc8 46. Rh6 Kd7 47. h4 Rc8 48. h5 Rg8 49. Kf4 Rf8 50. Rg6 Kc8 51. h6 Kd7 52. h7 Rh8 53. Rg7+ Kc6 54. Rg8 Rxc7 55. bxc7 Kxc7 56. Rxh8 1-0

[Event "Titled Tuesday intern op 12th Mar Late"]
[Site "Chess.com INT"]
[Date "2024.03.12"]
[Round "5"]
[White "Rian, Kapriaga"]
[Black "Grahn, Vidar"]
[Result "0-1"]
[WhiteElo "2089"]
[BlackElo "2226"]
[PlyCount "84"]
[EventDate "2024.03.12"]
[EventType "swiss (blitz)"]
[EventRounds "11"]
[EventCountry "USA"]
[SourceTitle "CB12_2024"]
[SourceDate "2023.10.01"]
[SourceVersion "1"]
[SourceVersionDate "2023.10.01"]
[SourceQuality "1"]

1. d4 d5 2. Nf3 Nf6 3. Bf4 c5 4. e3 Nc6 5. Nbd2 g6 6. c3 Bg7 7. Bd3 Nd7 8. Bb5 0-0 9. Bxc6 bxc6 10. 0-0 f6 11. Qa4 Qb6 12. b4 cxb4 13. cxb4 e5 14. Bg3 Ba6 15. Rfc1 Bb5 16. Qb3 a5 17. bxa5 Qxa5 18. Rc2 Ba4 19. Qc3 Bxc2 20. Qxc2 Qa4 21. Nb3 Qc4 22. Qd2 Nb6 23. h3 Qb5 24. dxe5 Nc4 25. Qc3 fxe5 26. Nxe5 Rae8 27. f4 Nxe5 28. fxe5 Qc4 29. Qd4 Rf5 30. Rc1 Qa6 31. Nc5 Qa3 32. Nd3 Bxe5 33. Bxe5 Rfxe5 34. Rxc6 Rf5 35. Rc3 Qe7 36. Nf4 Qe5 37. Qc5 d4 38. Qc4+ Kh8 39. Nxg6+ hxg6 40. exd4 Qe1+ 41. Kh2 Qe4 42. Rg3 Qf4 0-1

[Event "Vaxjo op"]
[Site "Vaxjo"]
[Date "2024.02.11"]
[Round "8"]
[White "Grahn, Vidar"]
[Black "Pantzar, Milton"]
[Result "1/2-1/2"]
[WhiteElo "2234"]
[BlackElo "2468"]
[PlyCount "137"]
[EventDate "2024.02.09"]
[EventType "swiss"]
[EventRounds "8"]
[EventCountry "SWE"]
[SourceTitle "CB07_2024"]
[SourceDate "2024.02.14"]
[SourceVersion "1"]
[SourceVersionDate "2024.02.14"]
[SourceQuality "1"]

1. d4 d5 2. c4 e6 3. Nf3 Nf6 4. g3 Be7 5. Bg2 0-0 6. 0-0 c6 7. Nc3 a5 8. b3 b6 9. Ne5 Ba6 10. Qd3 Nfd7 11. Nxd7 Nxd7 12. Bf4 Bf6 13. Bd6 Re8 14. f4 b5 15. cxb5 cxb5 16. b4 Nb8 17. Bxb8 Qxb8 18. a3 Rc8 19. e3 axb4 20. axb4 Be7 21. Rfb1 Rc4 22. Nxd5 exd5 23. Bxd5 Bb7 24. Bxc4 bxc4 25. Qxc4 Qd8 26. b5 Bf8 27. Rxa8 Qxa8 28. b6 Qa5 29. Qd3 Qa8 30. Qc3 Qa2 31. Rb2 Qd5 32. Kf2 Qh1 33. Rd2 Qxh2+ 34. Ke1 Qh1+ 35. Kf2 Bd5 36. Ke2 h5 37. Kd3 Qb1+ 38. Ke2 Qxb6 39. Rb2 Qg6 40. Rb8 Qa6+ 41. Kf2 Qd6 42. Qc8 Be4 43. Qd8 Qa3 44. Qc7 g6 45. Qd8 Kg7 46. Qe8 Bh1 47. Qe5+ Kg8 48. Qe8 Bd5 49. e4 Be6 50. f5 gxf5 51. d5 Qc5+ 52. Kg2 Bxd5 53. exd5 Qxd5+ 54. Kh2 Qc5 55. Qd8 f4 56. gxf4 Qf2+ 57. Kh1 Qf1+ 58. Kh2 Qxf4+ 59. Kh1 Qe4+ 60. Kh2 Qe5+ 61. Kh1 Qe4+ 62. Kh2 Qf4+ 63. Kh1 Qc1+ 64. Kh2 Qc5 65. Rc8 Qf2+ 66. Kh1 Qf3+ 67. Kh2 Qf4+ 68. Kh1 Qf3+ 69. Kh2 1/2-1/2

[Event "Rilton Cup 51st"]
[Site "Stockholm"]
[Date "2023.12.30"]
[Round "4"]
[White "Martins, David Pires Tavares"]
[Black "Grahn, Vidar"]
[Result "0-1"]
[WhiteElo "2428"]
[BlackElo "2274"]
[PlyCount "98"]
[EventDate "2023.12.27"]
[EventType "swiss"]
[EventRounds "9"]
[EventCountry "SWE"]
[SourceTitle "CB02_2024"]
[SourceDate "2024.01.10"]
[SourceVersion "1"]
[SourceVersionDate "2024.01.10"]
[SourceQuality "1"]

1. d4 Nf6 2. Nc3 d5 3. Bf4 c5 4. e4 Nxe4 5. Nxe4 dxe4 6. dxc5 Qa5+ 7. c3 Qxc5 8. Qa4+ Nc6 9. Qxe4 g6 10. Nf3 Bg7 11. Rd1 Bf5 12. Qa4 0-0 13. Be3 Qa5 14. Qxa5 Nxa5 15. Nd4 Bxd4 16. Rxd4 e5 17. Rd5 Nc6 18. Rd2 Be6 19. b3 Rfd8 20. Be2 f5 21. f3 Ne7 22. Rxd8+ Rxd8 23. Kf2 Nd5 24. Rd1 Rd7 25. Bxa7 Nxc3 26. Rxd7 Bxd7 27. Bc4+ Kg7 28. a4 b5 29. axb5 Nxb5 30. Bb8 Kf6 31. Ke3 f4+ 32. Kd2 g5 33. b4 Bc6 34. Bg8 h5 35. Kd3 g4 36. Kc4 gxf3 37. gxf3 Na3+ 38. Kc5 Bxf3 39. b5 Be4 40. Ba7 f3 41. Kb4 Nc2+ 42. Kc4 Kg5 43. Bf2 Kf4 44. b6 Ne3+ 45. Kc5 Bb7 46. Kd6 e4 47. Kc7 Ba6 48. Bg1 Nc2 49. Bc5 e3 0-1

[Event "Malmo op"]
[Site "Malmo"]
[Date "2023.12.16"]
[Round "5"]
[White "Pantzar, Milton"]
[Black "Grahn, Vidar"]
[Result "1-0"]
[WhiteElo "2456"]
[BlackElo "2274"]
[PlyCount "53"]
[EventDate "2023.12.15"]
[EventType "swiss"]
[EventRounds "8"]
[EventCountry "SWE"]
[SourceTitle "CB51_2023"]
[SourceDate "2023.12.20"]
[SourceVersion "1"]
[SourceVersionDate "2023.12.20"]
[SourceQuality "1"]

1. d4 Nf6 2. Nf3 g6 3. Nbd2 d5 4. b3 Bg7 5. Bb2 0-0 6. e3 b6 7. c4 Nbd7 8. cxd5 Nxd5 9. e4 Nf4 10. g3 Ne6 11. Bc4 c5 12. Bxe6 fxe6 13. 0-0 Ba6 14. Ng5 Bxf1 15. Nxe6 Qe8 16. Qxf1 Qf7 17. Nxf8 Rxf8 18. Rc1 Bxd4 19. Bxd4 cxd4 20. Rc7 Ne5 21. f4 Qe8 22. Qa6 Qd8 23. Qxa7 d3 24. Qxb6 Ng4 25. Qe6+ Kh8 26. Rd7 Qc8 27. Qxe7 1-0

[Event "Uppsala Young Champions 10th"]
[Site "Uppsala"]
[Date "2023.11.01"]
[Round "9"]
[White "Gavrilescu, David"]
[Black "Grahn, Vidar"]
[Result "1-0"]
[WhiteElo "2534"]
[BlackElo "2133"]
[PlyCount "63"]
[EventDate "2023.10.27"]
[EventType "swiss"]
[EventRounds "9"]
[EventCountry "SWE"]
[SourceTitle "Mega2024 Update 01"]
[Source "Chessbase"]
[SourceDate "2023.11.12"]
[SourceVersion "1"]
[SourceVersionDate "2023.11.12"]
[SourceQuality "1"]

1. e4 c5 2. Nf3 e6 3. d4 cxd4 4. Nxd4 Nc6 5. a3 a6 6. Be3 Nf6 7. Nc3 Qc7 8. f4 d5 9. e5 Ne4 10. Nxe4 dxe4 11. Be2 b5 12. 0-0 Bc5 13. Kh1 Nxd4 14. Bxd4 0-0 15. Bxc5 Qxc5 16. c4 b4 17. Qd6 Qe3 18. Bg4 bxa3 19. Rxa3 Qa7 20. Rg3 Rb8 21. b3 e3 22. Qd3 Bb7 23. Rd1 Qa8 24. Qxe3 Rfd8 25. Rd6 Be4 26. h3 a5 27. Kh2 Qb7 28. Qd4 Rdc8 29. Bxe6 fxe6 30. Rd7 Qc6 31. Rg5 Kh8 32. Rgxg7 1-0

[Event "Uppsala Young Champions 10th"]
[Site "Uppsala"]
[Date "2023.10.30"]
[Round "5"]
[White "Grahn, Vidar"]
[Black "Domalchuk Jonasson, Aleksandr"]
[Result "1/2-1/2"]
[WhiteElo "2133"]
[BlackElo "2392"]
[PlyCount "81"]
[EventDate "2023.10.27"]
[EventType "swiss"]
[EventRounds "9"]
[EventCountry "SWE"]
[SourceTitle "Mega2024 Update 01"]
[Source "Chessbase"]
[SourceDate "2023.11.12"]
[SourceVersion "1"]
[SourceVersionDate "2023.11.12"]
[SourceQuality "1"]

1. d4 d5 2. c4 e6 3. Nf3 a6 4. g3 dxc4 5. Bg2 Nc6 6. e3 Rb8 7. Nfd2 Nge7 8. Nxc4 b5 9. Ncd2 Bb7 10. 0-0 Nc8 11. Nc3 Be7 12. b3 0-0 13. Bb2 Nb4 14. Nde4 f5 15. Nc5 Bxg2 16. Kxg2 Bxc5 17. dxc5 Nd3 18. Qc2 Nxb2 19. Qxb2 Ne7 20. Rfd1 Qe8 21. Ne2 Rd8 22. Nf4 Rxd1 23. Rxd1 g5 24. Nd3 h5 25. Ne5 Nd5 26. c6 h4 27. Nd7 Qh5 28. Rxd5 exd5 29. f3 hxg3 30. hxg3 g4 31. fxg4 fxg4 32. Nf6+ Rxf6 33. Qxf6 Qh3+ 34. Kf2 Qh2+ 35. Kf1 Qh1+ 36. Kf2 Qh2+ 37. Kf1 Qxg3 38. Qg6+ Kf8 39. Qf6+ Kg8 40. Qg6+ Kf8 41. Qf6+ 1/2-1/2

[Event "Uppsala Young Champions 9th"]
[Site "Uppsala"]
[Date "2022.10.31"]
[Round "6"]
[White "Harish, Neeraj"]
[Black "Grahn, Vidar"]
[Result "0-1"]
[WhiteElo "1915"]
[BlackElo "2067"]
[PlyCount "56"]
[EventDate "2022.10.28"]
[EventType "swiss"]
[EventRounds "9"]
[EventCountry "SWE"]
[SourceTitle "EXT 2024"]
[Source "ChessBase"]
[SourceDate "2023.10.10"]
[SourceVersion "1"]
[SourceVersionDate "2023.10.10"]
[SourceQuality "1"]

1. e4 c5 2. Nf3 e6 3. d4 cxd4 4. Nxd4 Nc6 5. Nc3 Qc7 6. Be3 a6 7. g4 b5 8. Nxc6 Qxc6 9. Qd2 Bb7 10. 0-0-0 Nf6 11. f3 d6 12. Kb1 Be7 13. h4 Rc8 14. h5 Nd7 15. Ne2 d5 16. Nd4 Qc7 17. exd5 Bxd5 18. Nf5 exf5 19. Qxd5 Qxc2+ 20. Ka1 Nf6 21. Bxb5+ axb5 22. Qxb5+ Qc6 23. Qxf5 Ra8 24. g5 Qc4 25. Qb1 Nd5 26. Bd4 Nb4 27. b3 Qe2 28. a4 Nc2+ 0-1

[Event "Uppsala Young Champions 9th"]
[Site "Uppsala"]
[Date "2022.10.29"]
[Round "3"]
[White "Grahn, Vidar"]
[Black "Fernow, Tore"]
[Result "1-0"]
[WhiteElo "2067"]
[BlackElo "1363"]
[PlyCount "55"]
[EventDate "2022.10.28"]
[EventType "swiss"]
[EventRounds "9"]
[EventCountry "SWE"]
[SourceTitle "EXT 2024"]
[Source "ChessBase"]
[SourceDate "2023.10.10"]
[SourceVersion "1"]
[SourceVersionDate "2023.10.10"]
[SourceQuality "1"]

1. e4 g5 2. d4 e6 3. Nc3 Bg7 4. Be3 h6 5. Qd2 b6 6. 0-0-0 Bb7 7. Kb1 d6 8. h4 gxh4 9. Nf3 Nd7 10. Nxh4 Ngf6 11. d5 exd5 12. exd5 Qe7 13. Nf5 Qf8 14. Nxg7+ Qxg7 15. Bxh6 Qg8 16. Re1+ Kd8 17. Bb5 a6 18. Bc6 Bxc6 19. dxc6 Ne5 20. Rxe5 Qxg2 21. Rhe1 Qxc6 22. Bg7 Kc8 23. Bxh8 dxe5 24. Qh6 Kb7 25. Qxf6 Rxh8 26. Qxh8 f6 27. Qh1 Qxh1 28. Rxh1 1-0

[Event "EU-ch Amateur Online Final 1700/2000"]
[Site "Tornelo INT"]
[Date "2021.04.25"]
[Round "3"]
[White "Ntouvelos, Ioannis"]
[Black "Grahn, Vidar"]
[Result "1/2-1/2"]
[WhiteElo "1547"]
[BlackElo "1866"]
[PlyCount "124"]
[EventDate "2021.04.25"]
[EventType "swiss (rapid)"]
[EventRounds "9"]
[EventCountry "NET"]
[SourceTitle "EXT 2023"]
[Source "ChessBase"]
[SourceDate "2022.10.05"]
[SourceVersion "1"]
[SourceVersionDate "2022.10.05"]
[SourceQuality "1"]

1. c4 c6 2. g3 d5 3. Bg2 Nf6 4. Nf3 e6 5. 0-0 Nbd7 6. d4 Be7 7. Nc3 0-0 8. Qd3 b6 9. Nd2 Bb7 10. e4 dxe4 11. Ndxe4 Nxe4 12. Bxe4 Nf6 13. Bg2 Qd7 14. Be3 Rfd8 15. Rfd1 Rac8 16. Rac1 e5 17. d5 cxd5 18. cxd5 Bc5 19. Bg5 Bd4 20. Bxf6 gxf6 21. Be4 Rc5 22. Bxh7+ Kg7 23. Bf5 Qd6 24. Qf3 Bxd5 25. Qh5 Kf8 26. Ne4 Bxe4 27. Bxe4 Rxc1 28. Rxc1 Bxf2+ 29. Kg2 Be3 30. Rc2 Ke7 31. Qf3 Bc5 32. h4 Qd4 33. Kh3 Qe3 34. Qxe3 Bxe3 35. Rc7+ Rd7 36. Rxd7+ Kxd7 37. Kg4 Ke7 38. Kf5 Bh6 39. g4 Bf4 40. Bd5 a5 41. g5 fxg5 42. hxg5 Bc1 43. b3 Bb2 44. a4 Kf8 45. Kf6 e4+ 46. Kf5 e3 47. Bf3 Bd4 48. Ke4 Bc5 49. Kf5 Kg7 50. Be2 Be7 51. Bd3 f6 52. gxf6+ Bxf6 53. Ke4 Bg5 54. Kd5 Kf6 55. Kc6 e2 56. Bxe2 Be3 57. Bc4 Bc5 58. Bd3 Ke5 59. Bc4 Kd4 60. Bf7 Kc3 61. Bc4 Kb4 62. Bf7 Kc3 1/2-1/2

[Event "Uppsala Young Champions 7th"]
[Site "Uppsala"]
[Date "2020.10.28"]
[Round "8"]
[White "Muntean, Victor"]
[Black "Grahn, Vidar"]
[Result "1/2-1/2"]
[WhiteElo "1968"]
[BlackElo "1864"]
[PlyCount "108"]
[EventDate "2020.10.23"]
[EventType "swiss"]
[EventRounds "9"]
[EventCountry "SWE"]
[SourceTitle "CBM 199 Extra"]
[Source "ChessBase"]
[SourceDate "2021.01.31"]
[SourceVersion "1"]
[SourceVersionDate "2021.01.31"]
[SourceQuality "1"]

1. e4 e5 2. f4 d5 3. exd5 e4 4. d3 Nf6 5. Nc3 Bb4 6. Bd2 e3 7. Bxe3 0-0 8. Qf3 Re8 9. Be2 Bg4 10. Qg3 Bxe2 11. Ngxe2 Qe7 12. Kf2 Qxe3+ 13. Qxe3 Ng4+ 14. Kf3 Nxe3 15. Nd4 Bxc3 16. bxc3 Nxd5 17. c4 Nf6 18. Rab1 b6 19. g4 a5 20. g5 Nfd7 21. Rhe1 Na6 22. Nc6 Kf8 23. d4 Rxe1 24. Rxe1 Re8 25. Rb1 Nab8 26. Ne5 Nxe5+ 27. fxe5 Nd7 28. Ke4 c5 29. c3 f6 30. Rf1 Kg8 31. gxf6 gxf6 32. Rg1+ Kf7 33. Kd5 Re6 34. Rg7+ Kxg7 35. Kxe6 fxe5 36. dxe5 Nf8+ 37. Kd6 Kf7 38. Kc6 Ke6 39. Kxb6 Nd7+ 40. Kxa5 Kxe5 41. Kb5 Kd6 42. a4 Kc7 43. a5 h5 44. a6 h4 45. h3 Nf6 46. Kxc5 Ne4+ 47. Kd4 Ng5 48. c5 Nxh3 49. Ke3 Ng5 50. Kf4 h3 51. Kg3 Kc6 52. Kh2 Kc7 53. Kg3 Kc6 54. Kh2 Kc7 1/2-1/2